La evaluación en el proceso de enseñanza y aprendizaje de las ciencias sociales
Furkejuvvon:
| Váldodahkkit: | , |
|---|---|
| Eará dahkkit: | |
| Materiálatiipa: | Girji |
| Giella: | espánnjágiella |
| Almmustuhtton: |
Murcia
Asociación Universitaria de Profesorado de Didáctica de las Ciencias Sociales
2011
|
| Fáttát: | |
| Fáddágilkorat: |
Lasit fáddágilkoriid
Eai fáddágilkorat, Lasit vuosttaš fáddágilkora!
|
MARC
| LEADER | 00000cam a2200000 a 4500 | ||
|---|---|---|---|
| 001 | UCG8792 | ||
| 003 | CL-VaPUC | ||
| 008 | 111229e20110000SP |||||||||||||||||spa|d | ||
| 020 | |a 9788461468102o.c | ||
| 082 | 0 | 4 | |a 371.144 |b MIR |2 21 |
| 100 | |a Miralles Martínez, Pedro |e autor |9 605155 | ||
| 700 | |a Molina Puche, Sebastián |e autor |9 604289 | ||
| 700 | 0 | |a Santisteban Fernández, Antoni |e author |9 559968 | |
| 245 | 1 | 3 | |a La evaluación en el proceso de enseñanza y aprendizaje de las ciencias sociales |
| 300 | |a v | ||
| 942 | |c BK | ||
| 945 | |d 20111229 00:00:00 |a dcastane | ||
| 260 | |a Murcia |b Asociación Universitaria de Profesorado de Didáctica de las Ciencias Sociales |c 2011 | ||
| 650 | 0 | |a Evaluación docente |9 382859 | |
| 650 | 0 | |a Evaluación de la educación |9 237505 | |
| 650 | 0 | |a Formación profesional de profesores |9 307493 | |
| 651 | 0 | |a España |9 254926 | |
| 583 | |a last modification |c 20111229 10:48:00 |k Rodrigo Vera | ||
| 999 | |c 346389 |d 346387 | ||
| 952 | |0 0 |1 0 |4 0 |6 371_144000000000000_MIR_2011 |7 0 |8 A |9 447071 |a BIBHIS |b BIBHIS |d 2019-11-22 |h v.1 |i 4819373 |o 371.144 MIR 2011 |p 4819373 |r 2025-01-20 |w 2019-11-22 |y BK |k HIS | ||
| 952 | |0 0 |1 0 |4 0 |6 371_144000000000000_MIR_2011 |7 0 |8 A |9 447072 |a BIBHIS |b BIBHIS |d 2019-11-22 |h v.2 |i 4819381 |o 371.144 MIR 2011 |p 4819381 |r 2025-01-20 |w 2019-11-22 |y BK |k HIS | ||